书目信息 |
| 题名: |
化工产品手册
|
|
| 作者: | 孙平 , 张津凤 , 姚秀玲 编 | |
| 分册: | 食品添加剂 | |
| 出版信息: | 北京 化学工业出版社 2016 |
|
| 页数: | 443页 | |
| 开本: | 21cm | |
| 丛书名: | ||
| 单 册: | ||
| 中图分类: | TQ072-62 , TS202.3-62 | |
| 科图分类: | ||
| 主题词: | 化工产品--手册 , 食品添加剂--手册 | |
| 电子资源: | ||
| ISBN: | 978-7-122-25099-5 | |
| 000 | 01248nam0 2200289 450 | |
| 001 | 487 | |
| 005 | 20160905165634.84 | |
| 010 | @a978-7-122-25099-5@dCNY68.00 | |
| 100 | @a20160202d2016 em y0chiy50 ea | |
| 101 | 0 | @achi |
| 102 | @aCN@b110000 | |
| 105 | @ay z 001yy | |
| 200 | 1 | @a化工产品手册@9hua gong chan pin shou ce@i食品添加剂@f孙平,张津凤,姚秀玲编 |
| 205 | @a6版 | |
| 210 | @a北京@c化学工业出版社@d2016 | |
| 215 | @a443页@d21cm | |
| 304 | @a英文共同题名:Handbook of chemical products | |
| 330 | @a本手册以国家食品安全标准体系中涉及食品添加剂使用方面的标准(包括GB2760)为编写基础。同时为方便读者查阅食品添加剂的应用情况,本手册将国标中23类食品添加剂(包括营养强化剂)归为防腐保鲜、调色护色、结构改良、调味增香、营养强化及辅助加工等六部分。并依次介绍国标中列入的食品添加剂相关的物种类别、制备来源、质量标准、应用范围和限量要求等参考内容。以方便读者能尽快查找和了解不同食品添加剂物种的性能特点、法规要求以及采购信息。 | |
| 606 | 0 | @a化工产品@j手册 |
| 606 | 0 | @a食品添加剂@j手册 |
| 690 | @aTQ072-62@v5 | |
| 690 | @aTS202.3-62@v5 | |
| 701 | 0 | @a孙平@9sun ping@4编 |
| 701 | 0 | @a张津凤@9zhang jin feng@4编 |
| 701 | 0 | @a姚秀玲@9yao xiu ling@4编 |
| 801 | 0 | @aCN@b唐山师范学院图书馆@c20160722 |
| 905 | @aZUCC@dTQ072-62@e264=6 | |
| 化工产品手册.食品添加剂/孙平,张津凤,姚秀玲编.-6版.-北京:化学工业出版社,2016 |
| 443页;21cm |
| ISBN 978-7-122-25099-5:CNY68.00 |
| 本手册以国家食品安全标准体系中涉及食品添加剂使用方面的标准(包括GB2760)为编写基础。同时为方便读者查阅食品添加剂的应用情况,本手册将国标中23类食品添加剂(包括营养强化剂)归为防腐保鲜、调色护色、结构改良、调味增香、营养强化及辅助加工等六部分。并依次介绍国标中列入的食品添加剂相关的物种类别、制备来源、质量标准、应用范围和限量要求等参考内容。以方便读者能尽快查找和了解不同食品添加剂物种的性能特点、法规要求以及采购信息。 |
| ● |
| 相关链接 |
|
|
|
|
正题名:化工产品手册
索取号:TQ072-62/264=6
 
预约/预借
| 序号 | 登录号 | 条形码 | 馆藏地/架位号 | 状态 | 备注 |
| 1 | 902076 | 209020762 | 第二样本阅览室/ [索取号:TQ072-62/264=6] | 在馆 | |
| 2 | 902077 | 209020771 | 第三借阅区/ [索取号:TQ072-62/264=6] | 在馆 | |
| 3 | 902078 | 209020780 | 第三借阅区/ [索取号:TQ072-62/264=6] | 在馆 |